00249nam a22000977a 4500003000400000005001700004008004100021040000900062245006800071260001200139OSt20241024022606.0241024b |||||||| |||| 00| 0 eng d aChap aCEPAL- Comisión Económica para América Latina y el Caribe b UNESCO